Afrikanische Städte in den Top 200 Weltweit - Statistiken

Allgemein
  • Dieses Quiz wurde 7.647 mal gespielt
  • Das Durchschnittsergebnis liegt bei 14 aus 27
Antwortstatistiken
Rang Einwohner Stadt % Korrekt
12 21.0 m Kairo
97%
114 4.23 m Kapstadt
89%
26 13.9 m Johannesburg
84%
126 3.98 m Algier
80%
200 2.68 m Tunis
79%
75 5.90 m Nairobi
75%
15 19.4 m Lagos
73%
30 12.4 m Kinshasa
67%
131 3.80 m Addis Abeba
63%
77 5.80 m Alexandria
61%
108 4.48 m Casablanca
60%
135 3.73 m Dakar
60%
88 5.10 m Accra
56%
48 8.15 m Luanda
54%
143 3.53 m Abuja
49%
71 6.30 m Khartum
44%
143 3.53 m Kampala
37%
150 3.50 m Jaunde
36%
143 3.53 m Bamako
34%
69 6.45 m Dar es Salaam
34%
200 2.68 m Lusaka
33%
153 3.43 m Durban
28%
81 5.60 m Abidjan
26%
104 4.70 m Kano
14%
155 3.38 m Douala
11%
141 3.58 m Ibadan
9%
178 3.03 m Kumasi
7%
Keine übereinstimmenden Quizze gefunden
Verteilung der Resultate
Anzahl Personen mit jedem Resultat
Perzentil nach korrekt beantworteten Fragen
Ihre Resultats-Entwicklung
Sie haben dieses Quiz noch nicht gespielt